Una vida ética escrita (Registro nro. 4746)
[ vista simple ]
| 000 -CABECERA | |
|---|---|
| campo de control de longitud fija | 00541aam a2200217 4500 |
| 005 - FECHA Y HORA DE ACTUALIZACIÓN | |
| campo de control | 20170117085045.0 |
| 008 - LONGITUD FIJA | |
| campo de control de longitud fija | 150416b xxu||||| |||| 00| 0 spa d |
| 041 ## - IDIOMA | |
| Código de idioma del texto/pista de sonido o título separado | |
| 082 ## - CLASIFICACIÓN DECIMAL DEWEY | |
| Número de clasificación | 174 S617v |
| 100 ## - AUTOR PERSONAL | |
| Nombre de persona | Singer, Peter |
| 245 ## - TÍTULO PROPIAMENTE DICHO | |
| Título | Una vida ética escrita |
| 260 ## - PIE DE IMPRENTA | |
| Lugar de publicación, distribución, etc. | Estados Unidos |
| Nombre del editor, distribuidor, etc. | Tauros |
| Fecha de publicación, distribución, etc. | 2002 |
| 300 ## - DESCRIPCIÓN FÍSICA | |
| Extensión | 414 páginas |
| 650 ## - Materia General | |
| Materia general | ÉTICA |
| 650 ## - Materia General | |
| Materia general | VIDA HUMANA |
| 650 ## - Materia General | |
| Materia general | ABORTO |
| 650 ## - Materia General | |
| Materia general | INFANTICIDIO |
| 650 ## - Materia General | |
| Materia general | EUTANASIA |
| 650 ## - Materia General | |
| Materia general | POLÍTICA |
| 942 ## - Punto de Acceso Adicional Koha | |
| Tipo de ítem Koha | Libro |
| Estado perdido | Estado dañado | No para préstamo | Biblioteca permanente | Biblioteca actual | Signatura completa | Código de barras | Precio efectivo a partir del | Tipo de ítem |
|---|---|---|---|---|---|---|---|---|
| Departamento de Biblioteca y Documentación Alfonso Chase Brenes | Departamento de Biblioteca y Documentación Alfonso Chase Brenes | 174 S617v | 9073 | 17/01/2017 | Libro |